000
00307nam a2200145Ia 4500
100
_a
Driankev/D/ Hellendoorn H
942
_c
BK
654
_a
fuzzy control
245
_a
Fuzzy control
260
_b
Narosa Pub House
_c
1993
082
_a
511.322
_b
DRI
300
_a
316
546
_a
ENGLISH
999
_c
20231
_d
20231